000 00646nam a2200205 4500
003 OSt
005 20240704074629.0
006 a
008 240704b |||||||| |||| 00| 0 eng d
020 _a9781592533176
040 _aDWCL-Main lib.
_cOC
082 _aCirc. 745.4 P316 2007
245 _aPattern palette sourcebook 2 : a complete guide to choosing the perfect color and pattern design /
260 _aMass :
_bRockport Pub., Inc.,
_cc2007.
300 _b208 p. : col. ill. ;
_c23 cm.
650 _a1. Design-Source book.
650 _a2. Pattern design-Source book.
700 _aHeide Arrizabalaga
942 _2ddc
_n0
_cBK-CIRC
_kCirc.
999 _c1967
_d1967